| 000 | 01093nam a2200277Ia 4500 | ||
|---|---|---|---|
| 001 | 21709 | ||
| 005 | 20260420115850.0 | ||
| 008 | 260320s9999||||xx |||||||||||||| ||und|| | ||
| 020 | _a9786123331627 | ||
| 041 | _aESP | ||
| 082 |
_a343.8 _bH46 V. 1 |
||
| 100 |
_aHerrada Córdova, Marco Antonio, _eAUT |
||
| 245 | 0 | _aCasuística especializada sobre IGV. Resolución de casos prácticos | |
| 250 | _aPrimera edición | ||
| 260 |
_aLima : _bGaceta Jurídica, _c2025 |
||
| 300 |
_a111 páginas : _btablas, gráficos ; _c24 cm. |
||
| 440 | _a(Contadores & Empresas. Tributaria sobre IGV) | ||
| 650 | _aCIS | ||
| 653 | _aDerecho tributario | ||
| 654 | _aCDE | ||
| 700 |
_aVéliz Lázaro, Héctor Eduardo, _cAUT |
||
| 856 |
_uhttps://0u214x75q-y-https-app-vlex-com.itmsp.museknowledge.com/ _zVéase además: Base de datos Vlex |
||
| 856 |
_uhttps://legal.legis.com.pe/home/Corporativo _z Véase además: Base de datos Multilegis |
||
| 856 |
_uhttps://0u23gx799-y-https-contadores360-pe.itmsp.museknowledge.com/ _zVéase además: Base de datos Contadores 360 |
||
| 942 |
_cLIB _dJUS _fMAT _2ddc |
||
| 999 |
_c21709 _d21709 |
||